Statistiche per Impero Romano - Stati Attuali

Clicka qui per fare il quiz!

Statistiche generali

  • Questo quiz è stato fatto 941 volte
  • Il punteggio medio è 41 su 51

Statistiche sulle risposte

Risposta% Corretto
AfricaEgitto
97%
EuropaItalia
96%
AfricaMarocco
96%
EuropaFrancia
95%
EuropaGermania
95%
AfricaLibia
94%
EuropaSpagna
94%
AfricaTunisia
94%
AsiaTurchia
94%
AfricaAlgeria
93%
EuropaGrecia
92%
EuropaPortogallo
92%
EuropaAlbania
89%
EuropaAustria
89%
EuropaCroazia
88%
EuropaSan Marino
88%
EuropaSlovenia
88%
AsiaIsraele
87%
EuropaRomania
87%
EuropaSvizzera
87%
EuropaAndorra
86%
EuropaBelgio
86%
EuropaSerbia
86%
EuropaBulgaria
83%
EuropaMacedonia
83%
EuropaUngheria
83%
EuropaBosnia - Herzegovina
82%
AsiaIran
82%
AsiaIraq
82%
EuropaLussemburgo
80%
EuropaMontenegro
80%
EuropaRegno Unito
80%
AsiaSiria
80%
AsiaArabia Saudita
78%
AsiaArmenia
76%
AsiaGeorgia
75%
AsiaLibano
75%
EuropaRussia
75%
EuropaKosovo
74%
AsiaCipro
73%
EuropaMalta
73%
EuropaMonaco
73%
AsiaGiordania
72%
EuropaUcraina
72%
EuropaMoldavia
66%
EuropaLiechtenstein
64%
EuropaCittà del Vaticano
56%
EuropaPaesi Bassi
55%
AsiaAzerbaijan
50%
AsiaKuwait
48%
AsiaPalestina
46%

Distribuzione punteggi

Percentile per numero di risposta

Percentuale di utenti per punteggio

I tuoi punteggi nel tempo

Non hai fatto questo quiz